00542nam a2200157Ia 4500003000900000008004100009040001600050080002600066110003300092245014000125260005000265300000900315650002700324650001900351650001400370IN-BaIIA211028s9999 xx 000 0 eng d cIIA Library a083.7:69.025.332bISI aIndian Standards Institution 0aIndian Standard Code of Practice for Laying in-Situ Terrazzo Floor FinishcIndian Standards Institution  aNew DelhibIndian Standards Institutionc1984 a13p. aFloor Finish-Standards aNASA Thesaurus aStandards